Introduction to solid modeling using solidworks 2015 / (Record no. 100002)
[ view plain ]
| 000 -LEADER | |
|---|---|
| fixed length control field | 00950nam a22002777a 4500 |
| 005 - DATE AND TIME OF LATEST TRANSACTION | |
| control field | 20160520112559.0 |
| 010 ## - LCCN (DPL NO) | |
| LC control number | ENG-115114 |
| 020 ## - INTERNATIONAL STANDARD BOOK NUMBER | |
| International Standard Book Number | 9789352601974 |
| Terms of availability | 425.00 |
| 020 ## - INTERNATIONAL STANDARD BOOK NUMBER | |
| International Standard Book Number | 9352601971 |
| Terms of availability | 425.00 |
| 035 ## - SYSTEM CONTROL NUMBER | |
| System control number | EN-98646 |
| 037 ## - SOURCE OF ACQUISITION | |
| Source of stock number/acquisition | DBAD/PUB |
| 082 ## - DEWEY DECIMAL CLASSIFICATION NUMBER | |
| Classification number | 620.00420285536 |
| 100 ## - MAIN ENTRY--PERSONAL NAME | |
| Personal name | Howard, William E. |
| 245 ## - TITLE STATEMENT | |
| Title | Introduction to solid modeling using solidworks 2015 / |
| Statement of responsibility, etc | by William E. Howard [and] Joseph C. Musto |
| 246 ## - VARYING FORM OF TITLE | |
| Title proper/short title | Introduction to solid modeling using SolidWorks® 2014 |
| 246 ## - VARYING FORM OF TITLE | |
| Title proper/short title | Solid modeling using SolidWorks 2014 |
| 260 ## - PUBLICATION, DISTRIBUTION, ETC. (IMPRINT) | |
| Place of publication, distribution, etc | New Delhi |
| Name of publisher, distributor, etc | McGraw Hill Education |
| Date of publication, distribution, etc | 2016 |
| 270 ## - ADDRESS | |
| Address | P-24, Green Park Extension, |
| City | New Delhi |
| Postal code | 110016 |
| 300 ## - PHYSICAL DESCRIPTION | |
| Extent | xiii,384p. : |
| Other physical details | ill. |
| Dimensions | 26cm(pbk) |
| 500 ## - GENERAL NOTE | |
| General note | Includes index |
| 650 ## - SUBJECT ADDED ENTRY--TOPICAL TERM | |
| Topical term or geographic name as entry element | Computer graphics. |
| 650 ## - SUBJECT ADDED ENTRY--TOPICAL TERM | |
| Topical term or geographic name as entry element | Engineering models. |
| 650 ## - SUBJECT ADDED ENTRY--TOPICAL TERM | |
| Topical term or geographic name as entry element | Computer-aided design. |
| 700 ## - ADDED ENTRY--PERSONAL NAME | |
| Personal name | Musto, Joseph C. |
| 942 ## - ADDED ENTRY ELEMENTS (KOHA) | |
| Source of classification or shelving scheme | Dewey Decimal Classification |
| Item type | English Books |
| Call number suffix | HOW |
| Classification part | 620.00420285536 |
| Withdrawn status | Lost status | Not for loan | Collection code | Home library | Current library | Date acquired | Source of acquisition | Cost, normal purchase price | Full call number | Barcode | Copy number | Cost, replacement price | Koha item type |
|---|---|---|---|---|---|---|---|---|---|---|---|---|---|
| Not For Loan | Non-fiction | D.B.Act.Division | Bawana | 19/05/2016 | DBAD/PUB | 425.00 | 620.00420285536 HOW | EN-98646 | 1 | 425.00 | English Books |
